Bahasa dunia Islam
| Main Author: | |
|---|---|
| Format: | Book |
| Published: |
Surabaya :
Darussaggaf ,
[1980]
|
| Subjects: |
MARC
| LEADER | 00000cam a2200000 7i4500 | ||
|---|---|---|---|
| 001 | 0000008217 | ||
| 005 | 20070822093000.0 | ||
| 008 | 021119n | ||
| 090 | 0 | 0 | |a PJ6272 |b .B3 |
| 100 | 0 | |a Baharum, Hasan , |e author | |
| 245 | 0 | 0 | |a Bahasa dunia Islam |c Hasan Baharum |
| 260 | 2 | |a Surabaya : |b Darussaggaf , |c [1980] | |
| 300 | |a 385 ms. ; ; |c 21 sm. | ||
| 650 | 0 | |a Arabic language |v Conversation and phrase books | |
| 999 | |a 1000041356 |b Book |c OPEN SHELF (30 DAYS) |e Gong Badak Campus | ||
| 999 | |a 1000161493 |b Book |c Reference |e Gong Badak Campus | ||